01116nam a2200241 4500001000700000003000900007005001700016008004100033020001800074080002100092100002000113245014800133250001200281260003800293300004500331505022000376600002000596700003100616700002000647700003200667700005600699852011900755178174ES-MaACL20250918184208.0110520s1982 sp acfo |||| |aspa d a84-300-7168-7 a821.134.2-31"19"1 aPayá, Carmen.14aUna mujer y tres cárceles : b(memorias de amor y de dolor) / cCarmen Payá ; [epílogo, Agustín de Figueroa, marqués de Santo Floro]. a2ª ed. a[Madrid] : bM. Carrasco, c1982. aVII, 166 p., [6] p. de lám. ; c21 cm.8 aContiene: Tres personalidades literarias opinan sobre la obra de Carmen Payá: Una mujer sorprendente / Carmen Llorca . Cómo conocí a Carmen Payá / Emilio Romero . Amor y dolor de Carmen / F. Vizcaíno Casas14aPayá, Carmen.1 aLlorca, Carmen,d1921-19981 aRomero, Emilio.1 aVizcaíno Casas, Fernando.1 aFigueroa, Agustín de, cMarqués de Santo Floro4 aES-MaACLbR.145506jA-11193dOlim: N-4219 cDEPO1xDonación: Carmen Paya zDedicatoria autógrafa de la autora